000 00580 a2200169 4500
999 _c5429
_d5429
010 _aENG-86856
020 _a8179940306
_c45.00
035 _aEN-70389
037 _bDBAD / PUB
082 1 4 _a220.22
100 1 _aKashyap, R.L.
245 1 _aVeda mantras and suktas :
_cby R.L.Kashyap
_bwidely used in worship /
260 _aBangalore
_bSri Aurobindo Kapali Sastry Inst. of Vedic Culture
_c2004
270 _a 63, 13th Main, 4th Block East, Jayanagar
_bBangalore
_e560 011
_minfo@vedah.com
300 _aix, 149p
_c22cm (Pbk)
942 _adpl
_cEN
_2ddc
_h220.22
_mKAS